Nombre de 0 à 100 en moins de 1 min. - Statistiques

Statistiques générales
  • Ce quiz a été pris 2 696 fois
  • Le résultat moyen est 69 sur 101
Statistiques - réponses
Réponse % Correct
1
99%
2
97%
3
96%
4
96%
5
95%
6
95%
7
95%
8
95%
9
95%
12
91%
10
90%
11
89%
13
89%
14
89%
15
88%
17
88%
18
88%
16
87%
19
87%
21
87%
23
87%
20
86%
22
85%
24
85%
25
85%
26
85%
27
84%
28
84%
29
84%
31
84%
30
83%
32
83%
34
83%
0
82%
33
82%
35
82%
36
81%
37
81%
38
81%
41
81%
39
80%
40
79%
42
79%
43
79%
45
79%
44
78%
46
78%
47
76%
48
76%
49
75%
50
75%
51
75%
52
73%
53
72%
54
72%
55
72%
56
71%
57
69%
58
68%
59
67%
61
67%
60
66%
62
65%
63
65%
64
64%
65
64%
66
62%
67
61%
68
58%
69
57%
70
57%
71
57%
72
54%
73
54%
74
53%
75
52%
76
51%
77
50%
78
50%
79
46%
80
46%
81
44%
82
43%
83
42%
84
41%
85
41%
86
38%
87
38%
88
38%
89
36%
90
34%
91
33%
92
32%
93
30%
94
29%
95
28%
96
28%
98
27%
97
26%
99
26%
100
22%
Aucun quiz correspondant
Distribution des résultats
% des personnes avec chaque résultat
Percentile par nombre de réponses
Votre historique - résultats
Vous n’avez pas pris ce quiz